The new world of Mr. Tompkins

Đã lưu trong:
Chi tiết về thư mục
Những tác giả chính: Gamow, George (Tác giả), Stannard, Russell (Tác giả)
Định dạng: Sách
Ngôn ngữ:Tiếng Anh
Được phát hành: Cambridge Cambridge University 1999
Phiên bản:1a. ed
Những chủ đề:
Các nhãn: Thêm thẻ
Không có thẻ, Là người đầu tiên thẻ bản ghi này!

MARC

LEADER 00000nam a2200000 a 4500
001 UCK3901
003 CL-VaPUC
008 050513e19990000uk |||||||||||||||||eng|d
020 |a 0521639921 
082 0 4 |a 530.1  |b GAM  |2 21 
100 |a Gamow, George  |e author  |9 547884 
700 0 |a Stannard, Russell  |e author  |9 492264 
245 1 4 |a The new world of Mr. Tompkins 
250 |a 1a. ed 
300 |a 258 p 
942 |c BK 
945 |d 20050513 00:00:00  |a cmena 
260 |a Cambridge  |b Cambridge University  |c 1999 
650 0 |a Física teórica  |9 345827 
650 0 |a Teoría de la relatividad   |9 266149 
650 0 |a Cosmología  |9 269138 
650 0 |a Teoría cuántica  |9 266148 
583 |a last modification  |c 20130806 05:01:21  |k Rodrigo Vera 
999 |c 312946  |d 312944 
952 |0 0  |1 0  |4 0  |6 530_100000000000000_GAM_1999  |7 0  |8 A  |9 383963  |a BIBCUR  |b BIBCUR  |d 2019-11-22  |i 4128397  |o 530.1 GAM 1999  |p 4128397  |r 2025-04-22  |w 2019-11-22  |y BK  |k FIS